| Поле | Инд. | ПП | Название | Значение |
|---|---|---|---|---|
| Тип записи | a | |||
| Библиографический уровень | a | |||
| 001 | Контрольный номер | e7ec6a1486af429b891834a1bd498a1f | ||
| 005 | Дата корректировки | 20200407131656.7 | ||
| 100 | a | Данные общей обработки | 20190211 ||| 0rusy0189 ca | |
| 101 | 0_ | a | Язык текста | rus |
| 102 | a | Страна публикации | RU | |
| 200 | 1_ | f | Первые сведения об ответственности | Н.В. Самойлюк, И.В. Кернаджук |
| a | Заглавие | Проблемы квалификации причинения имущественного ущерба по неосторожности | ||
| b | Общее обозначение материала | Текст | ||
| 210 | 1_ | d | Дата издания | 2019 |
| 461 | _0 | 1 | 2000 | |
| a | Российский судья | |||
| 463 | _0 | 1 | 2000 | |
| a | № 1 | |||
| v | С. 11-15 | |||
| 1 | 2101 | |||
| d | 2019 | |||
| 1 | 001d39015e76d754e4e80ca7302374fac1a | |||
| 606 | a | Основная рубрика | Право. Юридические науки | |
| x | Основная подрубрика | Уголовное право | ||
| 610 | 0_ | a | Ключевые слова | ПРЕСТУПЛЕНИЯ ПРОТИВ СОБСТВЕННОСТИ |
| a | Ключевые слова | ПРЕСТУПЛЕНИЕ НЕОСТОРОЖНОЕ СОПРИЧИНЕНИЕ | ||
| a | Ключевые слова | КВАЛИФИКАЦИЯ ПРЕСТУПЛЕНИЯ | ||
| a | Ключевые слова | ИМУЩЕСТВО | ||
| 700 | _1 | a | Фамилия | Самойлюк |
| b | Имя | Н.В. | ||
| 701 | _1 | a | Фамилия | Кернаджук |
| b | Имя | И.В. | ||
| 801 | _0 | a | Страна | RU |
| b | Организация | РГУП | ||
| c | Дата составления | 20190211 | ||
| g | Правила каталогизации | PSBO | ||
| 801 | _1 | a | Страна | RU |
| b | Организация | РГУП | ||
| c | Дата составления | 20190211 | ||
| g | Правила каталогизации | PSBO | ||
| 901 | t | Тип документа | b | |
| w | Контрольный № источника | d39015e76d754e4e80ca7302374fac1a | ||
| 905 | a | Дата ввода | 20190211 |